[Event "EU-chT (Men) 13th"]
[Site "Leon"]
[Date "2001.11.08"]
[Round "3.1"]
[White "Fedorov, Alexei"]
[Black "Ivanchuk, Vassily"]
[Result "0-1"]
[WhiteElo "2599"]
[BlackElo "2731"]
[Annotator "Lukacs,P"]
[PlyCount "92"]
[EventDate "2001.11.06"]
[EventType "team-swiss"]
[EventRounds "9"]
[EventCountry "ESP"]
[SourceTitle "CBM 086"]
[Source "ChessBase"]
[SourceDate "2002.02.05"]
[SourceVersion "1"]
[SourceVersionDate "2002.02.05"]
[SourceQuality "1"]
[WhiteTeam "Belarus"]
[BlackTeam "Ukraine"]
[WhiteTeamCountry "BLR"]
[BlackTeamCountry "UKR"]

1. e4 e5 2. Bc4 Nc6 3. Nf3 Nf6 4. d3 Bc5 5. c3 d6 6. Bb3 a6 7. O-O Ba7 8. Re1
O-O 9. h3 Be6 {This is perhaps the simplest try to fight for equality.} 10. Bc2
{White has some undeveloped pieces and brings his B into a passive position in
order to avoid the exchanges.} (10. Nbd2 Nd7 $5 {This is the beginning of a
logical N manoeuvre.} (10... Bxb3 {There is no need to hurry with this
exchange, because after} 11. Qxb3 {Black has to make a concession by defending
his b P.} Rb8 12. Nf1 Qd7 (12... Nh5 $5 {/\ Qf6, Nf4 or Kh8, f5.} 13. Bg5 Qd7 (
13... Qe8 14. g4 h6 15. Bd2 Nf6 16. Ng3 Kh7 17. Kg2 {with some space advantage
and |^ on the >>.} (17. Be3 {is less logical, because the -> on the >> needs
the B on the c1-h6 /^ especially against >< h6.} Bxe3 18. fxe3 Qd7 19. Re2 d5
20. exd5 Nxd5 21. Rf1 Nde7 $13 {Zude-Dautov, Wiesbaden op 1990})) 14. g4 $5 {
White has to grab the |^ on the <<.} (14. Rad1 {/\ d4 is not so impressive.}
Qe6 15. d4 exd4 16. cxd4 Qxb3 17. axb3 f5 18. d5 Ne5 19. N1h2 fxe4 20. Rxe4
Rbe8 $15 {Waitzkin-Xie Jun, San Francisco, 1995}) 14... h6 15. Bd2 Nf6 16. Kg2
{/\ Ng3} (16. Ng3 h5 $1)) 13. Ng3 Rfe8 14. Bg5 Qe6 15. Qxe6 Rxe6 16. Rad1 $14 {
/\ d4 Dolmatov-A.Rodriguez, Minsk 1982}) (10... Re8 11. Nf1 h6 {- 10..h6}) (
10... h6 {defending the g5 square, therefore holding the strong B on e6.} 11.
Nf1 (11. Bc2 d5 {- 10.Bc2}) 11... Re8 12. Be3 (12. Ng3 d5) 12... Bxe3 {-
Adams-Anand, Wijk aan Zee 2000 CBM 75} (12... Bxb3 {- Kaidanov-Malaniuk, WchT
Luzern 1997 CBM 62}) (12... d5 {- Yudasin-Adams, EU Cup final 14th Belgrade
1999 CBM 69})) 11. Nf1 Bxb3 12. Qxb3 Nc5 {sparing the ugly Rb8.} 13. Qc2 Ne6
14. Be3 Bxe3 {is the simplest way, as usual.} (14... d5 15. exd5 Qxd5 16. Bxa7
Rxa7 17. Ne3 Qd7 18. Ng4 f6 19. d4 exd4 20. Qf5 Re8 21. cxd4 $14 ({but not} 21.
Re4 $2 Re7 22. Rd1 Ng5 $1 $17 {Waitzkin-Levin, Budapest 1997})) 15. Nxe3 Nf4
16. Rad1 (16. Nd5 Nxd5 17. exd5 Ne7 $11) (16. Kh2 {/\ Ng1, g3 is again rather
time consuming, but otherwise the N on f4 remains a menace.} Qf6 17. Ng1 Rae8
18. Rf1 Qd8 19. g3 Nh5 20. Rae1 Nf6 21. f4 d5 22. f5 d4 23. Ng2 dxc3 24. bxc3
Qd6 25. Rd1 Rd8 26. Nf3 Qc5 27. Qb2 b5 28. Rfe1 Rd7 $13 {Waitzkin-Adams, New
York CITS 1996}) 16... Qf6 $13) 10... d5 $5 {This is again the logical way to
attack the [+], if White plays passively.} (10... Ne7 {/\ Ng6 is a standard
manoeuvre, but White gets the upper hand in the [+].} 11. d4 Ng6 12. Be3 h6 13.
Nbd2 Re8 14. a4 c6 15. a5 $14 {Nevednichy-Gligoric, JUG-Cup Herceg Novi 2000})
(10... h6 11. Nbd2 d5 {Black has finished his development and now begins the
invasion of the [+]. White cannot claim any advantage here.} 12. exd5 Qxd5 13.
Nf1 Rfe8 14. Be3 Bxe3 15. Rxe3 Qd6 16. Re1 Nd5 17. d4 exd4 18. Nxd4 Nxd4 19.
Qxd4 Qb6 $11 {Rossiter-Parker, BCF-chT 1996}) 11. Ng5 $2 {Instead of finishing
the development White makes seemingly aggressive moves with an already
developed piece. This cannot be good from strategical point of view, therefore
will be punished by a tactical blow.} (11. exd5 Qxd5 (11... Nxd5 12. Ng5 $1 $14
{attacking the vulnerable B.} (12. Nxe5 {is certainly met by} Nxe5 13. Rxe5
Bxf2+ $1 {and the B is taboo.} 14. Kh1 Bg3 $15)) 12. Bb3 (12. Qe2 Rae8 13. Nbd2
h6 14. Ne4 Nxe4 15. dxe4 Qd8 16. Nh2 Qh4 17. Nf1 Bc4 $1 18. Qf3 Bxf1 19. Rxf1
Re6 20. Be3 Rf6 21. Qe2 Bxe3 22. Qxe3 Qf4 $11 {Nisipeanu-Parker, EU-ch U20
Siofok 1996}) (12. Ng5 Bf5 $11) 12... Qd6 13. Bxe6 Qxe6 14. d4 (14. Nbd2 Rfe8)
14... e4 15. Ng5 (15. Qc2) 15... Qf5 16. Qc2 (16. g4 $6 {is pushing too hard.}
Qg6 (16... Qd5 17. Qb3) 17. h4 h5 18. gxh5 Nxh5 19. Rxe4 Nf6 20. Re1 Rae8 $44)
16... Rae8 17. Na3 h6 18. Nf3 Qg6 $11) (11. Nbd2 h6 {- 10...h6}) 11... dxe4 $1
{This is the refutation, the opening f <-> helps Black to attack >< f2.} 12.
Nxe6 fxe6 13. Be3 (13. dxe4 {founders on the mighty} Ng4 $1 $19 {Probably this
move was overlooked by White.}) 13... exd3 14. Qxd3 (14. Bxd3 Bxe3 15. Rxe3 e4
$17) 14... Qxd3 15. Bxd3 Rad8 {White is a P down, and still struggling with
problems of development.} (15... Bxe3 16. Rxe3 Rad8 $17 {was also tempting.})
16. Bc2 (16. Bc4 Bxe3 17. Bxe6+ {wins back the P, but leaves White with his
undeveloped <<.} Kh8 18. Rxe3 (18. fxe3 e4 $17) 18... Rd1+ 19. Kh2 Nd5 20. Bxd5
Rxd5 21. f3 Rd1 $17) 16... Bxe3 17. Rxe3 Nd5 18. Re1 Nf4 19. Na3 Nd3 (19... Rd2
20. Rad1 Rfd8 $15) 20. Re2 Nf4 21. Re3 (21. Ree1 Rd2 22. Rad1 Rfd8 $15) 21...
Rd2 22. Rd1 Rfd8 23. Rxd2 Rxd2 24. Kf1 {[#]} Na7 $1 {Black improves his worst
piece's position. /\ Nb5, so White has to do something against it.} 25. Rxe5 (
25. Ke1 {runs into} Rxc2 $1 26. Nxc2 Nxg2+ 27. Kd2 Nxe3 28. Kxe3 Kf7 $19) (25.
Bb3 {loses the b P.} Rxb2 26. g3 Nd5 27. Rxe5 Kf7 $17) 25... Nb5 $1 {Black has
given back a double P, but improved his N's position.} 26. Bb3 (26. Nxb5 Rxc2
27. Nxc7 Rxb2 $17) 26... Rxb2 27. g3 Nd3 28. Rxe6 (28. Bxe6+ Kf8) 28... Kf8 (
28... Rxb3 {would have won material, but loses the |^.} 29. axb3 Nxa3 30. Re7
Nb5 31. c4 Nd4 32. Rxc7 Nxb3 33. Rxb7 Ndc5 {and although the a o^ is dangerous,
the two knights are usually not effective in the _|_.}) 29. Nxb5 (29. Re3 Rxf2+
30. Kg1 Nxa3 31. Rxd3 Rf6 $17 {with a healthy extra P.}) 29... axb5 (29...
Rxf2+ 30. Kg1 axb5 31. Re3 {- 29...axb5}) 30. Re3 Rxf2+ 31. Kg1 Rd2 32. Rf3+
Ke8 33. Rf7 c5 $1 34. Rxg7 (34. Be6 {allows the black R to come back for the
defence of the 7-th rank.} Re2 35. Bg4 Re7 36. Rxe7+ (36. Rf5 Re3 37. Rf3 Re1+
38. Rf1 Rc1 $17) 36... Kxe7 37. Be2 Nc1 $17) (34. Bd5 Ne5 $19) 34... c4 35.
Rxb7 Nc1 $1 {Impressive technique, the B cannot run away!} 36. Rxb5 Ne2+ $1 37.
Kf2 Nxc3+ 38. Ke1 Re2+ 39. Kf1 Nxb5 40. Kxe2 Nd4+ 41. Ke3 cxb3 42. axb3 Nxb3 {
liquidating to a theoretically winning _|_, White cannot eliminate the last
remaining P.} 43. g4 Kf7 44. h4 h6 45. Ke4 Ke6 46. Kf4 Nc5 0-1

[Event "FIDE-Wch k.o."]
[Site "Moscow"]
[Date "2001.11.27"]
[Round "1.4"]
[White "Zhang, Pengxiang"]
[Black "Karpov, Anatoly"]
[Result "1-0"]
[WhiteElo "2530"]
[BlackElo "2692"]
[Annotator "Lukacs,P"]
[PlyCount "89"]
[EventDate "2001.11.27"]
[EventType "k.o."]
[EventRounds "7"]
[EventCountry "RUS"]
[SourceTitle "CBM 086"]
[Source "ChessBase"]
[SourceDate "2002.02.05"]
[SourceVersion "1"]
[SourceVersionDate "2002.02.05"]
[SourceQuality "1"]

1. e4 e5 2. Nf3 Nc6 3. Bc4 Bc5 4. c3 Nf6 5. d3 d6 6. O-O O-O 7. Bb3 a6 8. Nbd2
Be6 9. Nc4 Ba7 (9... Bxc4 $6 10. Bxc4 Na5 {is a well-known motif here, but
only with a B on a7.} 11. b4 (11. Bxf7+ Rxf7 12. b4 Bxb4 13. cxb4 Nc6 {is less
impressive.}) 11... Nxc4 12. bxc5 Na5 13. Qa4 $14) (9... h6 {is certainly
logical against Bg5, or Ng5.} 10. a4 {/\ a5 gaining some space advantage on
the <<, but the whole setup is rather harmless.} (10. Re1 Ba7 {- 9...Ba7})
10... Re8 11. a5 Ba7 12. Be3 Ne7 {/\ Ng6, the N on c6 is without perspectives.}
13. Bxa7 Rxa7 14. Ne3 Ng6 15. Bxe6 fxe6 {Now Black has defended >< d5 and f5,
and can organize a counterplay on the f <->.} 16. g3 Qd7 17. Ra4 Qf7 18. Kg2
Rf8 19. Rb4 Ne7 $11 {Kuczynski-G.Garcia, Saint John 1988}) 10. Bg5 $5 {White
wants to exploit that Black has no Be7 against the pin.} (10. a4 {is again the
quiet positional approach.} Ne7 (10... h6 {comes into consideration again.} 11.
a5 Ne7 12. Re1 Ng6 13. Be3 Bxc4 14. Bxc4 Bxe3 15. Rxe3 c6 $11 {-
Benjamin-Kaidanov, USA-ch Salt Lake City 1999 CBM 73}) 11. a5 Ng6 12. h3 h6 13.
Be3 Bxe3 14. Nxe3 d5 {and Black has equalized in the [+], 1/2:1/2
Fedorov-Aleksandrov, Nikolaev zt 1993.}) (10. Re1 h6 (10... Ne7 11. Be3 (11.
Bg5 {is parried by} Ng6 {/\ h6}) 11... Ng6 12. Bxa7 Rxa7 13. d4 Bxc4 14. Bxc4
Qe7 15. g3 {White's advantage is microscopical.} Raa8 16. a4 a5 17. Qb3 c6 $11
{Pirttimaki-Norri, Helsinki 1995}) 11. Be3 (11. a4 Re8 (11... Qd7 12. a5 Rad8
13. Be3 Rfe8 14. Bxa7 Nxa7 15. Ba4 c6 16. Ne3 Nc8 {/\ Ne7-g6 bringing the N
into battle again.} 17. b4 Ne7 18. Qc2 Ng6 19. d4 Qc7 20. d5 Bd7 21. c4 Rc8 22.
Rac1 cxd5 23. Nxd5 Nxd5 24. exd5 Bxa4 25. Qxa4 Nf4 $13 {Messa-Pinter, Rome 1983
}) 12. h3 b5 13. Ne3 d5 {Black radically solves the problem of the [+].} 14.
exd5 Nxd5 15. Nxd5 Bxd5 16. Bxd5 Qxd5 $11 {Shur-Galdunts, SU-chT Azov 1991})
11... Bxe3 (11... b5 12. Ncd2 Bxe3 13. Rxe3 d5 {Black again easily equalizes
in the [+].} 14. Re1 dxe4 15. Nxe4 Re8 16. h3 Nxe4 17. dxe4 Qd6 18. Qe2 Rad8
19. Red1 Qc5 $11 {Kosten-A.Ivanov, Reykjavik 1990}) (11... Bxc4 12. Bxc4 Na5 {
is the typical method to exchange White's active pieces.} 13. Bb3 Nxb3 14. Qxb3
Bxe3 15. Rxe3 Rb8 16. g3 Re8 $11 {Kuczynski-Lalic, Manila ol (Men) 1992}) 12.
Nxe3 Qd7 {- Torre-Kamsky, Manila izt 1990 CBM 19} (12... Re8 13. Bxe6 fxe6 {
The doubled pawns do not cause any harm for Black.} 14. Qb3 Rb8 15. Rad1 Kh8
16. Nf1 Nh5 17. d4 Qf6 $11 {Hendriks-Van der Sterren, NLD-ch 1996})) 10... h6
11. Bh4 Kh7 $5 {Black wants to prepare g5 by Rg8.} (11... Bxc4 12. Bxc4 Na5 {
was again possible.} 13. Nd2 Qe7 14. Qf3 {(Regan-Bradbury, Oxford 1984)} g5 15.
Bg3 b5 16. Bb3 Nxb3 17. axb3 Bb6 18. b4 a5 19. bxa5 Rxa5 20. Rxa5 Bxa5 21. Ra1
Bb6 22. b4 Qe6 $11 {and the B on g3 is out of play.}) (11... g5 {immediately
looks dangerous in view of} 12. Nxg5 hxg5 13. Bxg5 Kg7 14. Ne3 $44) 12. Ne3 Rg8
13. d4 exd4 (13... g5 {now is strongly met by} 14. d5 $1 gxh4 (14... Bxe3 15.
fxe3 gxh4 16. dxe6) 15. dxe6 fxe6 16. Bxe6 $16 {ruining Black's >>.}) (13...
Bxb3 14. Qxb3 exd4 (14... g5 $5 15. Bg3) 15. cxd4 {- 13...exd4}) 14. cxd4 Bxb3
15. Qxb3 Nxd4 $2 {Black misses the tactical riposte.} (15... g5 $5 {was very
exciting.} 16. d5 (16. e5 $5 gxh4 17. Qxf7+ Rg7 18. Qxf6 Nxd4 19. Nxd4 Bxd4 20.
Nf5 Qxf6 21. exf6 Rg4 22. h3 Rf4 23. Nxd4 Rxd4 24. Rac1 Rc8 $11 {and o^ f6
will soon fall.}) (16. Bg3 g4 $5 (16... Nxe4 17. Qxf7+ Kh8 18. Qe6 Nf6 19. d5
$14) 17. Nf5 (17. e5 gxf3 18. exf6 (18. Qxf7+ Rg7 19. Qxf6 Nxd4) 18... Qxf6 $15
) (17. d5 gxf3 18. dxc6 fxg2 19. Nxg2 bxc6 20. Qxf7+ Rg7 $13) 17... gxf3 (17...
d5 $5 18. Qe3 Qf8) 18. Qxf7+ Kh8 19. Bh4 $1 Rxg2+ 20. Kh1 Bxd4 21. Nxd4 Ng4 $1
{with a nice combination for perpetual check!} 22. Bxd8 Rxh2+ $11) 16... Na5 $1
(16... Nd4 17. Nxd4 Bxd4 18. Bg3 Re8 19. Qd3 Bxe3 20. e5+ Kh8 21. fxe3 $16) (
16... gxh4 17. dxc6 bxc6 18. e5 $1 $14) 17. Qc2 gxh4 18. e5+ Kh8 19. exf6 Qxf6
20. Qf5 $1 (20. Nd2 Qg7) (20. Nf5 h3 21. g3 Nc4 $1 22. N3h4 b5 23. b3 Ne5 24.
Qxc7 Bc5 $15) 20... Qxb2 $1 (20... Qxf5 21. Nxf5 h3 22. g3 Nc4) 21. Nxh4 Qg7
22. Qd7 Bb6 23. Nhf5 Qg5 $13 {with immense complications.}) 16. Nxd4 Bxd4 {[#]}
17. Nf5 $2 ({missing the double -> by} 17. Qd3 $1 Bxe3 (17... g5 18. e5+ Rg6
19. Qxd4 $18) 18. e5+ $1 Kh8 19. exf6 g5 20. Qxe3 $18) 17... Bb6 18. Qxf7 (18.
Rad1 Qe8 $5) 18... Qf8 {Now Black has again everything in order.} 19. Qc4 Re8
20. Rae1 g5 (20... g6 $5 {looked logical to chase away the strong N from f5.}
21. Bxf6 (21. Nd4 $2 Rxe4 $19) (21. e5 Nd7 22. Ne3 Nxe5 $17) 21... Qxf6 (21...
gxf5 $5) 22. Ne3 Rgf8 23. Re2 c6 $15) 21. Bg3 Nxe4 22. Nxh6 $1 {[#]} Kxh6 $6 (
22... Nxf2 $1 {was the real continuation of playing for complication.} 23.
Qxg8+ (23. Nxg8 Rxe1 24. Rxe1 Nd3+ 25. Kh1 Nxe1 26. Bxe1 Qxg8 $15) 23... Qxg8
24. Nxg8 Rxe1 25. Rxe1 Nd3+ 26. Kf1 Nxe1 27. Nf6+ Kg6 28. Nd5 Nd3 $15 {
liquidating for a bit better _|_.}) 23. Rxe4 Qf5 24. Rxe8 Rxe8 25. h4 {White
wants to exploit the weakness of the black K.} (25. Qc3 Kg6) 25... g4 (25... d5
$5) 26. Bf4+ Kh7 $6 (26... Kh5 $1 {surprisingly enough the K is more safe here
than on h7.} 27. Be3 (27. Rd1 Re4 28. Rd5 Re5 $1) 27... d5 28. Qc3 (28. Qb3 d4)
28... Bxe3 29. fxe3 Qe5 $15) 27. Be3 $1 Re4 (27... d5 28. Qc3) 28. Qb3 ({or} 
28. Qc2 Re5 29. Qxf5+ Rxf5 30. Bxb6 cxb6 31. Rd1 $14 {corrupting Black's P
structure in the _|_.}) 28... Bxe3 $2 {This unnecessarily activates White's R.}
(28... Qe6 $14) 29. fxe3 Qe6 30. Qxb7 $16 Rxe3 $2 (30... Rc4 31. Qb3 $16) 31.
Qxc7+ Kg6 32. Qc2+ Qe4 (32... Re4 33. b4 $1) 33. Qf2 {Now the black K is not
safe at all.} (33. Qc8 Qe6 34. Qxa6 $18) 33... Qe6 34. Qf4 Re5 35. Kh2 a5 36.
Rd1 d5 37. Rd4 Kh5 38. Qf8 $6 (38. b3 $18 {was the simple way.}) 38... Kxh4 $1
39. Qh8+ Kg5 $2 {This is the last mistake.} (39... Rh5 {was still playable,
for example:} 40. Qd8+ Rg5 41. Rf4 Qe5 42. g3+ Kh5 43. Rf2 $14) 40. Qg7+ Kh5
41. Rxg4 $1 $18 Qxg4 42. Qxe5+ Kg6 43. Qg3 Kf5 44. Qxg4+ Kxg4 45. Kg1 {This
was the first big sensation on the KO World Championship!} 1-0